000 00591nam a2200205Ia 4500
001 14837
003 GE_BSU
008 181216s||||||||xx |||||||||||||| ||und||
040 _cGE_BSU
080 _a514.14
100 _aАртин, Э.
245 _aГеометрическая алгебра.
245 _bпод ред. Л.А. Калужнина. пер. с английского В.М. Котлова.
260 _aМосква
260 _bНаука.
260 _c1969
300 _a283стр.20см.
653 _aГеометрическая алгебра.
942 _cBK
999 _c47960
_d47960